|
|
|
|
| LEADER |
01870nam a2200433 i 4500 |
| 001 |
EBC3110522 |
| 003 |
MiAaPQ |
| 005 |
20200520144314.0 |
| 006 |
m o d | |
| 007 |
cr cnu|||||||| |
| 008 |
131007s2013 mau o 001 0 eng d |
| 020 |
|
|
|z 9781618112675
|
| 020 |
|
|
|a 9781618112682
|q (electronic bk.)
|
| 035 |
|
|
|a (MiAaPQ)EBC3110522
|
| 035 |
|
|
|a (Au-PeEL)EBL3110522
|
| 035 |
|
|
|a (CaPaEBR)ebr10761670
|
| 035 |
|
|
|a (CaONFJC)MIL530380
|
| 035 |
|
|
|a (OCoLC)922977890
|
| 040 |
|
|
|a MiAaPQ
|b eng
|e rda
|e pn
|c MiAaPQ
|d MiAaPQ
|
| 050 |
|
4 |
|a BM601
|b .S647 2013
|
| 082 |
0 |
|
|a 296.3
|2 23
|
| 100 |
1 |
|
|a Spero, Shubert.
|
| 245 |
1 |
0 |
|a New perspectives in the theology of Judaism /
|c by Shubert Spero ; cover design by Ivan Grave.
|
| 264 |
|
1 |
|a Brighton, Massachussetts :
|b Academic Studies Press,
|c 2013.
|
| 264 |
|
4 |
|c 2013
|
| 300 |
|
|
|a 1 online resource (394 pages)
|
| 336 |
|
|
|a text
|2 rdacontent
|
| 337 |
|
|
|a computer
|2 rdamedia
|
| 338 |
|
|
|a online resource
|2 rdacarrier
|
| 500 |
|
|
|a Includes index.
|
| 505 |
0 |
|
|a pt. 1. Viewing Judaism as a whole -- pt. 2. Torah in depth -- pt. 3. Reaching for the heights -- pt. 4. The analytic in action -- pt. 5. History come to life.
|
| 588 |
|
|
|a Description based on online resource; title from PDF title page (ebrary, viewed October 04, 2013).
|
| 590 |
|
|
|a Electronic reproduction. Ann Arbor, MI : ProQuest, 2015. Available via World Wide Web. Access may be limited to ProQuest affiliated libraries.
|
| 650 |
|
0 |
|a Judaism
|x Doctrines.
|
| 655 |
|
4 |
|a Electronic books.
|
| 700 |
1 |
|
|a Grave, Ivan.
|
| 776 |
0 |
8 |
|i Print version:
|a Spero, Shubert.
|t New perspectives in the theology of Judaism.
|d Brighton, Massachussetts : Academic Studies Press, c2013
|h 394 pages
|z 9781618112675
|
| 797 |
2 |
|
|a ProQuest (Firm)
|
| 856 |
4 |
0 |
|u https://ebookcentral.proquest.com/lib/matrademy/detail.action?docID=3110522
|z Click to View
|